书目信息 |
| 题名: |
雷锋
|
|
| 作者: | 师永刚 , 刘琼雄 编著 ;张峻 图片主编 | |
| 分册: | ||
| 出版信息: | 北京 生活·读书·新知三联书店 2006.03 |
|
| 页数: | 247页, [12] 页图版 | |
| 开本: | 23cm | |
| 丛书名: | ||
| 单 册: | ||
| 中图分类: | K825.2-64 | |
| 科图分类: | ||
| 主题词: | 军人--jun ren--生平事迹--中国--现代 | |
| 电子资源: | ||
| ISBN: | 7-108-02436-5 | |
| 000 | 01039nam0 2200265 450 | |
| 001 | 012007210525 | |
| 005 | 20070619153042.61 | |
| 010 | @a7-108-02436-5@dCNY29.00 | |
| 100 | @a20070429d2006 km y0chiy0120 ea | |
| 101 | 0 | @achi |
| 102 | @aCN@b110000 | |
| 105 | @aacfha 000yb | |
| 200 | 1 | @a雷锋@Alei feng@e1940-1962@f师永刚, 刘琼雄编著@Fshi yong gang,liu qiong xiong bian zhu@g图片主编张峻@Gtu pian zhu bian zhang jun |
| 210 | @a北京@c生活·读书·新知三联书店@d2006.03 | |
| 215 | @a247页, [12] 页图版@c图, 肖像, 摹真@d23cm | |
| 320 | @a有书目。 | |
| 330 | @a本书讲述了雷锋短暂而伟大一生的事迹,内容包括“孤儿雷锋”、“少先队员雷锋”、“公务员雷锋”、“文艺青年雷锋”、“工人雷锋”、“雷锋当兵的秘密”等。 | |
| 600 | 0 | @a雷锋,@Alei feng,@f1940-1962@x生平事迹@j摄影集 |
| 606 | 0 | @a军人@Ajun ren@x生平事迹@y中国@z现代 |
| 690 | @aK825.2-64@v4 | |
| 701 | 0 | @a师永刚@Ashi yong gang@4编著 |
| 701 | 0 | @a刘琼雄@Aliu qiong xiong@4编著 |
| 702 | 0 | @a张峻@Azhang jun@4图片主编 |
| 801 | 0 | @aCN@c20070619 |
| 905 | @a10447@dK825.2-64@eL080 | |
| 雷锋:1940-1962/师永刚, 刘琼雄编著/图片主编张峻.-北京:生活·读书·新知三联书店,2006.03 |
| 247页, [12] 页图版:图, 肖像, 摹真;23cm |
| ISBN 7-108-02436-5:CNY29.00 |
| 本书讲述了雷锋短暂而伟大一生的事迹,内容包括“孤儿雷锋”、“少先队员雷锋”、“公务员雷锋”、“文艺青年雷锋”、“工人雷锋”、“雷锋当兵的秘密”等。 |
| ● |
| 相关链接 |
|
|
|
正题名:雷锋
索取号:K825.2-64/L080
 
预约/预借
| 序号 | 登录号 | 条形码 | 馆藏地/架位号 | 状态 | 备注 |
| 1 | 242446 | 202424466 | 社科库309/309社科库 47排6列2层/ [索取号:K825.2-64/L080] | 在馆 | |
| 2 | 242447 | 202424475 | 社科库309/309社科库 47排6列2层/ [索取号:K825.2-64/L080] | 在馆 | |
| 3 | 242448 | 202424484 | 社科库309/309社科库 47排6列2层/ [索取号:K825.2-64/L080] | 在馆 |